01176nam a2200205 a 450000100100000000500170001000800410002702000180006804000250008624500810011126001100019230000280030271000740033095201110040495201110051595201110062695201050073795201110084299900170095300003824720201002031216.0130405s2007 dr 000 0 spa d a9789945862201 aDO-SdBNPbspacBNPHU00aConsulta popular para la reforma constitucional :bInforme final abril 2007. aSanto Domingo :bComisión Ejecutiva para el Proceso de Reforma ConstitucionalbConsulta Popular,c2007. a385 p. :bil. ;c29 cm.1 aComisión Ejecutiva para el Proceso de Reforma Constitucional964615 0010718DSaGRbGRcCTd2013-04-05iLF1l0o p38247-30r2020-06-25te. 3w2020-06-25yLFDSZNo se presta 0010718DSaGRbGRcCTd2013-04-05iLF1l0o p38247-40r2020-06-25te. 4w2020-06-25yLFDSZNo se presta 0010718DSaGRbGRcCTd2013-04-05iLF1l0o p38247-50r2020-06-25te. 5w2020-06-25yLFDSZNo se presta 0010718PDaPDbPDcCTd2013-04-05iLF1l0o p38247-10r2020-06-25w2020-06-25yLFPDZNo se presta 0010718PDaPDbPDcCTd2013-04-05iLF1l0o p38247-20r2020-06-25te. 2w2020-06-25yLFPDZNo se presta c37737d37737